[Event "Olimpiada de Khanty-Mansiysk 2010"]
[Site "Khanty-Mansiysk RUS"]
[Date "2010.09.27"]
[Round "6"]
[White "Steil-Antoni, Fiona"]
[Black "Jung, Young Hoon"]
[Result "1/2-1/2"]
[WhiteElo "2152"]
[BlackElo "1923"]
[PlyCount "92"]
[EventDate "2010.09.21"]
[EventType "team"]
[EventRounds "11"]
[EventCountry "RUS"]
[Source "lmi"]
[SourceDate "2010.09.21"]
[WhiteTeam "Luxemburgo"]
[BlackTeam "Corea"]
[WhiteTeamCountry "LUX"]
[BlackTeamCountry "KOR"]

1. e4 c5 2. Nc3 Nc6 3. g3 g6 4. Bg2 e6 5. d3 Bg7 6. Be3 d6 7. Qd2 a6 8. h4 h5
9. Nge2 Nge7 10. d4 cxd4 11. Nxd4 Ne5 12. Rd1 Nc4 13. Qc1 b5 14. Bg5 Bb7 15.
O-O O-O 16. b3 Nb6 17. Bh6 Qc7 18. Bxg7 Kxg7 19. Ncxb5 axb5 20. Nxb5 Qc6 21.
Qb2+ Kg8 22. Nxd6 Rad8 23. Nxb7 Qxb7 24. Qb1 e5 25. Rxd8 Rxd8 26. Rd1 Rc8 27.
Bh3 Rb8 28. c4 Nxc4 29. Qa1 Nb6 30. Qxe5 Nc6 31. Qf6 Ne7 32. e5 Nbd5 33. Qg5
Rc8 34. Bxc8 Qxc8 35. Rc1 Qa6 36. Qd2 Qe6 37. Re1 Qg4 38. Qe2 Qh3 39. e6 f5 40.
Qe5 f4 41. Qe4 fxg3 42. Qg2 gxf2+ 43. Qxf2 Qg4+ 44. Kh1 Qh3+ 45. Kg1 Qg4+ 46.
Kh1 Qh3+ 1/2-1/2

[Event "Olimpiada de Khanty-Mansiysk 2010"]
[Site "Khanty-Mansiysk RUS"]
[Date "2010.09.27"]
[Round "6"]
[White "Antoniou, Antonis"]
[Black "Baules, Jorge"]
[Result "0-1"]
[WhiteElo "2172"]
[BlackElo "2335"]
[PlyCount "84"]
[EventDate "2010.09.21"]
[EventType "team"]
[EventRounds "11"]
[EventCountry "RUS"]
[Source "lmi"]
[SourceDate "2010.09.21"]
[WhiteTeam "Chipre"]
[BlackTeam "Panamá"]
[WhiteTeamCountry "CYP"]
[BlackTeamCountry "PAN"]

1. e4 d5 2. exd5 Qxd5 3. Nc3 Qd6 4. d4 a6 5. Nf3 Nf6 6. h3 Bf5 7. Bd3 Bxd3 8.
Qxd3 Nc6 9. O-O Rd8 10. Ne4 Nxe4 11. Qxe4 Qg6 12. Qxg6 hxg6 13. c3 e6 14. Bf4
Bd6 15. Bxd6 Rxd6 16. Rfe1 Rh5 17. Re4 a5 18. a4 Nb8 19. Ne5 Nd7 20. Nxd7 Kxd7
21. Kf1 c5 22. Ke2 cxd4 23. Rxd4 Rxd4 24. cxd4 Rd5 25. Ke3 Rd6 26. b4 axb4 27.
Rb1 Rb6 28. Kd3 Kc6 29. Kc4 Ra6 30. Rxb4 Rxa4 31. Rxa4 b5+ 32. Kb4 bxa4 33.
Kxa4 Kd5 34. Kb3 Kxd4 35. Kc2 e5 36. Kd2 e4 37. Ke2 f5 38. h4 f4 39. g3 fxg3
40. fxg3 e3 41. g4 Ke4 42. h5 Ke5 0-1

[Event "Olimpiada de Khanty-Mansiysk 2010"]
[Site "Khanty-Mansiysk RUS"]
[Date "2010.09.27"]
[Round "6"]
[White "Sanchez, Jorge"]
[Black "Papatryfonos, Constantino"]
[Result "1/2-1/2"]
[WhiteElo "2163"]
[BlackElo "2133"]
[PlyCount "54"]
[EventDate "2010.09.21"]
[EventType "team"]
[EventRounds "11"]
[EventCountry "RUS"]
[Source "lmi"]
[SourceDate "2010.09.21"]
[WhiteTeam "Panamá"]
[BlackTeam "Chipre"]
[WhiteTeamCountry "PAN"]
[BlackTeamCountry "CYP"]

1. e4 e5 2. Nf3 Nc6 3. Bb5 Nge7 4. O-O g6 5. c3 Bg7 6. d4 exd4 7. cxd4 a6 8.
Ba4 O-O 9. d5 b5 10. Bb3 Na5 11. Bc2 d6 12. h3 f5 13. Nbd2 fxe4 14. Nxe4 Nc4
15. Rb1 h6 16. Nd4 Qe8 17. Ne6 Bxe6 18. dxe6 Nf5 19. Re1 Qxe6 20. Ng5 Qf6 21.
Qd5+ Kh8 22. Re6 Qd4 23. Nf7+ Kg8 24. Nxh6+ Kh8 25. Nf7+ Kg8 26. Nh6+ Kh8 27.
Nf7+ Kg8 1/2-1/2

[Event "Olimpiada de Khanty-Mansiysk 2010"]
[Site "Khanty-Mansiysk RUS"]
[Date "2010.09.27"]
[Round "6"]
[White "Kassinopoullos, Polydoros"]
[Black "Arosemena, Jose Luis"]
[Result "1/2-1/2"]
[WhiteElo "2110"]
[BlackElo "2203"]
[PlyCount "91"]
[EventDate "2010.09.21"]
[EventType "team"]
[EventRounds "11"]
[EventCountry "RUS"]
[Source "lmi"]
[SourceDate "2010.09.21"]
[WhiteTeam "Chipre"]
[BlackTeam "Panamá"]
[WhiteTeamCountry "CYP"]
[BlackTeamCountry "PAN"]

1. e4 e5 2. Nf3 Nc6 3. Bb5 a6 4. Ba4 Nf6 5. O-O Be7 6. Re1 b5 7. Bb3 d6 8. c3
O-O 9. h3 Nb8 10. d4 Nbd7 11. Nbd2 Bb7 12. Bc2 Re8 13. Nf1 Bf8 14. Ng3 g6 15.
Bg5 h6 16. Bd2 c5 17. d5 c4 18. Be3 Nc5 19. b4 cxb3 20. axb3 Qc7 21. Qd2 Kh7
22. Rec1 Rec8 23. Nh2 Bg7 24. Ng4 Ng8 25. f3 h5 26. Nf2 Qe7 27. Nd3 Nd7 28. Nb2
Bh6 29. c4 bxc4 30. Nxc4 Rab8 31. Nf1 Bxe3+ 32. Nfxe3 Ngf6 33. b4 h4 34. Ba4
Nh5 35. Bxd7 Qxd7 36. Ng4 Qd8 37. Na5 Nf4 38. Kh2 Kg7 39. Ne3 Qg5 40. Nxb7 Rxc1
41. Rxc1 Rxb7 42. Rc6 Qg3+ 43. Kh1 Nxh3 44. Nf1 Nf2+ 45. Kg1 Nh3+ 46. Kh1
1/2-1/2

[Event "Olimpiada de Khanty-Mansiysk 2010"]
[Site "Khanty-Mansiysk RUS"]
[Date "2010.09.27"]
[Round "6"]
[White "Al-Zendani, Zendan"]
[Black "Kantinti, Shadrack"]
[Result "1-0"]
[WhiteElo "2400"]
[BlackElo "2158"]
[PlyCount "62"]
[EventDate "2010.09.21"]
[EventType "team"]
[EventRounds "11"]
[EventCountry "RUS"]
[Source "lmi"]
[SourceDate "2010.09.21"]
[WhiteTeam "Yemen"]
[BlackTeam "Uganda"]
[WhiteTeamCountry "YEM"]
[BlackTeamCountry "UGA"]

1. d4 d5 2. Nf3 e6 3. c4 Be7 4. Nc3 Nf6 5. e3 O-O 6. Bd3 c5 7. O-O cxd4 8. exd4
dxc4 9. Bxc4 a6 10. Qe2 b5 11. Bb3 Bb7 12. a3 Nc6 13. Rd1 Na5 14. Ba2 Rc8 15.
Ne5 Bd5 16. Nxd5 exd5 17. Bg5 Nc4 18. Bb1 Re8 19. Bxf6 Bxf6 20. Bxh7+ Kf8 21.
f4 Bxe5 22. fxe5 g6 23. b3 Na5 24. Qg4 Rc6 25. Rf1 Kg7 26. Rf3 Rf8 27. Raf1 Qe7
28. Rf6 Kxh7 29. Qh4+ Kg8 30. Rxg6+ fxg6 31. Qxe7 Ra8 1-0

[Event "Olimpiada de Khanty-Mansiysk 2010"]
[Site "Khanty-Mansiysk RUS"]
[Date "2010.09.27"]
[Round "6"]
[White "Bibasa, Bob"]
[Black "Gameel, Mohamed"]
[Result "0-1"]
[WhiteElo "2189"]
[BlackElo "2216"]
[PlyCount "86"]
[EventDate "2010.09.21"]
[EventType "team"]
[EventRounds "11"]
[EventCountry "RUS"]
[Source "lmi"]
[SourceDate "2010.09.21"]
[WhiteTeam "Uganda"]
[BlackTeam "Yemen"]
[WhiteTeamCountry "UGA"]
[BlackTeamCountry "YEM"]

1. c4 e5 2. Nc3 Nc6 3. g3 f5 4. Bg2 Nf6 5. e3 g6 6. d4 e4 7. f3 exf3 8. Nxf3 d6
9. O-O Bg7 10. d5 Ne7 11. Nd4 O-O 12. Nce2 g5 13. Nc3 h6 14. Qd3 Ng4 15. b3 a6
16. Bb2 Qe8 17. Rae1 Qh5 18. h3 Ne5 19. Qd1 Qg6 20. Nf3 g4 21. Nh4 Qg5 22. hxg4
Nxg4 23. Qd2 Be5 24. Rf4 Ng6 25. Nf3 Qh5 26. Nd1 Bd7 27. Nf2 Nxf4 28. exf4 Bxb2
29. Qxb2 Rae8 30. Nxg4 Qxg4 31. Kf2 Rxe1 32. Nxe1 c5 33. Bf3 Qg7 34. Qd2 b5 35.
Nc2 bxc4 36. bxc4 Rb8 37. Be2 Rb2 38. a3 Ba4 39. Bd1 Bxc2 40. Bxc2 Qd4+ 41. Ke1
Qg1+ 42. Ke2 Qg2+ 43. Ke1 Rxc2 0-1

[Event "Olimpiada de Khanty-Mansiysk 2010"]
[Site "Khanty-Mansiysk RUS"]
[Date "2010.09.27"]
[Round "6"]
[White "Ranaivoharisoa, Alain"]
[Black "Chumfwa, Stanley"]
[Result "0-1"]
[WhiteElo "2153"]
[BlackElo "2315"]
[PlyCount "76"]
[EventDate "2010.09.21"]
[EventType "team"]
[EventRounds "11"]
[EventCountry "RUS"]
[Source "lmi"]
[SourceDate "2010.09.21"]
[WhiteTeam "Madagascar"]
[BlackTeam "Zambia"]
[WhiteTeamCountry "MAD"]
[BlackTeamCountry "ZAM"]

1. e4 c5 2. Nf3 d6 3. d4 cxd4 4. Nxd4 Nf6 5. Nc3 a6 6. Be3 e6 7. Be2 Be7 8. a4
Nc6 9. O-O O-O 10. f4 Qc7 11. Kh1 Re8 12. Bf3 Rb8 13. Qe1 Nxd4 14. Bxd4 e5 15.
fxe5 dxe5 16. Qg3 Bd8 17. Ba7 Ra8 18. Be3 Kh8 19. Be2 Be6 20. Rf2 Rc8 21. Raf1
Qa5 22. Bd2 Be7 23. Bd3 Qc7 24. Nd5 Bxd5 25. exd5 e4 26. Bf4 Qd7 27. Be2 Rxc2
28. Be5 Qxd5 29. Rf5 Qe6 30. Rg5 Rg8 31. Bd1 Rd2 32. Bb3 Qd7 33. Qf4 e3 34.
Qxe3 Rd3 35. Qb6 Nd5 36. Bxd5 Rxd5 37. Rgf5 f6 38. R5f3 Rxe5 0-1

[Event "Olimpiada de Khanty-Mansiysk 2010"]
[Site "Khanty-Mansiysk RUS"]
[Date "2010.09.27"]
[Round "6"]
[White "Shobaita, Talal"]
[Black "Eid, Fadi"]
[Result "1/2-1/2"]
[WhiteElo "2160"]
[BlackElo "2387"]
[PlyCount "172"]
[EventDate "2010.09.21"]
[EventType "team"]
[EventRounds "11"]
[EventCountry "RUS"]
[Source "lmi"]
[SourceDate "2010.09.21"]
[WhiteTeam "Palestina"]
[BlackTeam "Líbano"]
[WhiteTeamCountry "PLE"]
[BlackTeamCountry "LBN"]

1. d4 Nf6 2. Nf3 g6 3. c4 Bg7 4. Nc3 O-O 5. e4 d6 6. Be2 Bg4 7. Be3 Nfd7 8. Qd2
a6 9. O-O-O b5 10. h3 Bxf3 11. gxf3 bxc4 12. h4 e5 13. h5 exd4 14. Bxd4 Bxd4
15. Qxd4 Qg5+ 16. Kb1 Nc6 17. Qd5 Qxd5 18. Nxd5 Ra7 19. hxg6 hxg6 20. Rh3 Kg7
21. Bxc4 Nf6 22. Ne3 Rh8 23. Rxh8 Kxh8 24. f4 Kg7 25. f3 Nh5 26. Nd5 Nf6 27. a3
Nxd5 28. Rxd5 a5 29. e5 Ne7 30. Rd2 Nf5 31. Bd3 Nd4 32. Be4 c5 33. exd6 f5 34.
Bc2 Rd7 35. b4 axb4 36. axb4 Rb7 37. Kc1 Rxb4 38. d7 Rb8 39. Ba4 Rd8 40. Kb2
Ne6 41. Re2 Kf6 42. Kc3 Nxf4 43. Re8 Ne6 44. Bb3 Rxd7 45. Rxe6+ Kg5 46. Ba4 Rg7
47. Be8 Kf4 48. Bxg6 Kxf3 49. Bxf5 Kf4 50. Be4 Rg5 51. Bc6 Rg1 52. Ba4 Rg5 53.
Bc2 Re5 54. Rf6+ Ke3 55. Kc4 Kd2 56. Bg6 Ke3 57. Bf7 Re4+ 58. Kxc5 Rf4 59. Re6+
Re4 60. Ra6 Re7 61. Bd5 Rc7+ 62. Kd6 Rh7 63. Ra4 Rh8 64. Re4+ Kd3 65. Ra4 Kc3
66. Kc5 Rc8+ 67. Bc6 Kb3 68. Rh4 Kc3 69. Rh3+ Kd2 70. Kd5 Rg8 71. Kd4 Rd8+ 72.
Bd5 Re8 73. Rg3 Re7 74. Rg8 Ke2 75. Rg2+ Kf1 76. Ra2 Ke1 77. Be4 Kd1 78. Rb2
Kc1 79. Rc2+ Kd1 80. Rc5 Kd2 81. Rc2+ Kd1 82. Rh2 Kc1 83. Bd5 Rd7 84. Rf2 Rd8
85. Kc5 Rc8+ 86. Kb4 Rc2 1/2-1/2

[Event "Olimpiada de Khanty-Mansiysk 2010"]
[Site "Khanty-Mansiysk RUS"]
[Date "2010.09.27"]
[Round "6"]
[White "Shobaita, Ahmed"]
[Black "Kassis, Antoine"]
[Result "1/2-1/2"]
[WhiteElo "2072"]
[BlackElo "2236"]
[PlyCount "173"]
[EventDate "2010.09.21"]
[EventType "team"]
[EventRounds "11"]
[EventCountry "RUS"]
[Source "lmi"]
[SourceDate "2010.09.21"]
[WhiteTeam "Palestina"]
[BlackTeam "Líbano"]
[WhiteTeamCountry "PLE"]
[BlackTeamCountry "LBN"]

1. e4 c5 2. Nf3 Nc6 3. d3 g6 4. g3 Bg7 5. c3 d5 6. Qe2 d4 7. cxd4 cxd4 8. Bg2
e5 9. O-O Nge7 10. Nfd2 O-O 11. f4 f5 12. fxe5 Nxe5 13. a4 N7c6 14. Nf3 Ng4 15.
Bg5 Qb6 16. Na3 fxe4 17. Qxe4 Bf5 18. Qd5+ Kh8 19. Nc4 Qc7 20. Bf4 Qd8 21. Qxd8
Raxd8 22. Rad1 Ne3 23. Nxe3 dxe3 24. Bxe3 Bxd3 25. Rf2 Bf5 26. Rfd2 Rxd2 27.
Rxd2 Re8 28. Kf2 Bb1 29. Rd7 b6 30. Rc7 Be4 31. b3 h6 32. h3 g5 33. Ne1 Bxg2
34. Nxg2 Re6 35. h4 gxh4 36. Nxh4 Be5 37. Rc8+ Kh7 38. Nf3 Bf6 39. g4 Kg6 40.
Rg8+ Kh7 41. Rc8 Kg6 42. Rg8+ Kh7 43. Rc8 Kg7 44. Rc7+ Kg6 45. b4 Nxb4 46. Rxa7
Nd3+ 47. Ke2 Nf4+ 48. Kf2 Nd3+ 49. Ke2 Nb2 50. Rc7 Nxa4 51. Kf2 Nb2 52. Bd4
Nd3+ 53. Kg3 Bxd4 54. Nxd4 Re3+ 55. Kh2 Ne5 56. Rb7 Nxg4+ 57. Kg2 Rd3 58. Rxb6+
Kg5 59. Nf3+ Kf5 60. Rb5+ Kf6 61. Rb6+ Ke7 62. Rb4 Ne3+ 63. Kg3 Nf5+ 64. Kf4
Nd6 65. Rb1 Ra3 66. Rh1 Ra4+ 67. Ke5 Ra5+ 68. Kf4 Nf7 69. Kg4 Kf6 70. Rb1 Ra4+
71. Kg3 Ra6 72. Rb5 Nd6 73. Rb3 Nf5+ 74. Kh3 Rc6 75. Ra3 Rb6 76. Rc3 Kg6 77.
Nh4+ Nxh4 78. Kxh4 Rb4+ 79. Kh3 Rb6 80. Rf3 h5 81. Ra3 Rb5 82. Ra6+ Kg5 83. Ra3
h4 84. Rc3 Rb1 85. Rc5+ Kf4 86. Rc4+ Kf3 87. Kxh4 1/2-1/2

[Event "Olimpiada de Khanty-Mansiysk 2010"]
[Site "Khanty-Mansiysk RUS"]
[Date "2010.09.27"]
[Round "6"]
[White "Grassi, Enrico"]
[Black "Mok, Tze-Meng"]
[Result "0-1"]
[WhiteElo "2053"]
[BlackElo "2416"]
[PlyCount "108"]
[EventDate "2010.09.21"]
[EventType "team"]
[EventRounds "11"]
[EventCountry "RUS"]
[Source "lmi"]
[SourceDate "2010.09.21"]
[WhiteTeam "San Marino"]
[BlackTeam "Malasia"]
[WhiteTeamCountry "SMR"]
[BlackTeamCountry "MAS"]

1. e4 g6 2. d4 c6 3. Nc3 d5 4. Nf3 Bg7 5. exd5 cxd5 6. Bb5+ Nc6 7. O-O Nf6 8.
Ne5 Bd7 9. Bg5 O-O 10. Bxf6 exf6 11. Nxd7 Qxd7 12. Qf3 Rfd8 13. Ne2 f5 14. c3
Bh6 15. Nf4 Bxf4 16. Qxf4 Re8 17. Rfe1 Re4 18. Qd2 Rae8 19. f3 R4e6 20. Kf2 Qd6
21. g3 Kg7 22. Rxe6 Rxe6 23. Re1 Nd8 24. Ba4 h5 25. Bb3 Nc6 26. Ba4 Na5 27. Bb5
a6 28. Bd3 Nc6 29. Bc2 Ne7 30. Bb3 h4 31. f4 Ng8 32. Re5 Nf6 33. Kg2 hxg3 34.
hxg3 Ng4 35. Re2 Qd8 36. Qe1 Qh8 37. Bxd5 Qh2+ 38. Kf3 Rxe2 39. Qxe2 Qh1+ 40.
Qg2 Qd1+ 41. Qe2 Qh1+ 42. Qg2 Qxg2+ 43. Kxg2 Ne3+ 44. Kf3 Nxd5 45. c4 Nf6 46.
d5 Kf8 47. Ke3 Ke7 48. Kd4 Nh5 49. Kc5 Nxg3 50. Kb6 Ne4 51. b4 g5 52. fxg5 f4
53. c5 f3 54. Kxb7 f2 0-1

[Event "Olimpiada de Khanty-Mansiysk 2010"]
[Site "Khanty-Mansiysk RUS"]
[Date "2010.09.27"]
[Round "6"]
[White "Tan, Khai Boon"]
[Black "Cecchetti, Roberto"]
[Result "1-0"]
[WhiteElo "2160"]
[BlackElo "1930"]
[PlyCount "80"]
[EventDate "2010.09.21"]
[EventType "team"]
[EventRounds "11"]
[EventCountry "RUS"]
[Source "lmi"]
[SourceDate "2010.09.21"]
[WhiteTeam "Malasia"]
[BlackTeam "San Marino"]
[WhiteTeamCountry "MAS"]
[BlackTeamCountry "SMR"]

1. d4 Nf6 2. c4 b6 3. Nc3 Bb7 4. Qc2 d5 5. cxd5 Nxd5 6. e4 Nxc3 7. bxc3 e6 8.
Nf3 Be7 9. Bb5+ c6 10. Bd3 Nd7 11. O-O Qc7 12. Re1 e5 13. a4 Rd8 14. Bc4 O-O
15. Ng5 Bxg5 16. Bxg5 Rde8 17. Rad1 Bc8 18. Rd3 Kh8 19. Bc1 a6 20. Ba3 c5 21.
Qa2 f6 22. d5 f5 23. f3 fxe4 24. fxe4 Qd6 25. Qe2 Rf6 26. Bc1 Ref8 27. Rf3 Rxf3
28. gxf3 Qg6+ 29. Kh1 Qh5 30. Rf1 a5 31. f4 Qxe2 32. Bxe2 exf4 33. Bxf4 Nf6 34.
Bd3 Bh3 35. Rf3 Bg4 36. Rf1 Bh3 37. Re1 Ng4 38. Bg3 Rf3 39. Bb5 Rxc3 40. d6 Nf6
1-0

[Event "Olimpiada de Khanty-Mansiysk 2010"]
[Site "Khanty-Mansiysk RUS"]
[Date "2010.09.27"]
[Round "6"]
[White "Righi, Ezio"]
[Black "Long, Peter"]
[Result "0-1"]
[WhiteElo "2116"]
[BlackElo "2302"]
[PlyCount "66"]
[EventDate "2010.09.21"]
[EventType "team"]
[EventRounds "11"]
[EventCountry "RUS"]
[Source "lmi"]
[SourceDate "2010.09.21"]
[WhiteTeam "San Marino"]
[BlackTeam "Malasia"]
[WhiteTeamCountry "SMR"]
[BlackTeamCountry "MAS"]

1. e4 c6 2. Nc3 d5 3. Nf3 Bg4 4. h3 Bxf3 5. Qxf3 Nf6 6. Be2 e6 7. e5 Nfd7 8.
Qg3 a6 9. O-O c5 10. d3 Nc6 11. f4 g6 12. Kh1 Be7 13. Qf2 Nd4 14. Bd1 h5 15.
Ne2 Nf5 16. c3 Nb8 17. d4 cxd4 18. cxd4 Nc6 19. Be3 Nb4 20. Qg1 Rc8 21. Bf2 Nd3
22. g3 Qa5 23. Kg2 Qd2 24. Rb1 Nxf2 25. Rxf2 Qd3 26. Rf3 Qd2 27. Ba4+ b5 28.
Bd1 g5 29. Qf2 g4 30. hxg4 hxg4 31. Rb3 Bd8 32. Rc3 Rxc3 33. bxc3 Ne3+ 0-1

[Event "Olimpiada de Khanty-Mansiysk 2010"]
[Site "Khanty-Mansiysk RUS"]
[Date "2010.09.27"]
[Round "6"]
[White "Sorensen, Torben"]
[Black "Olape, Olubunmi"]
[Result "1/2-1/2"]
[WhiteElo "2418"]
[BlackElo "2256"]
[PlyCount "147"]
[EventDate "2010.09.21"]
[EventType "team"]
[EventRounds "11"]
[EventCountry "RUS"]
[Source "lmi"]
[SourceDate "2010.09.21"]
[WhiteTeam "Malta"]
[BlackTeam "Nigeria"]
[WhiteTeamCountry "MLT"]
[BlackTeamCountry "NGR"]

1. Nf3 d5 2. d4 c5 3. c4 dxc4 4. d5 e6 5. Nc3 Nf6 6. e4 b5 7. dxe6 Qxd1+ 8.
Kxd1 Bxe6 9. Nxb5 Na6 10. Ng5 O-O-O+ 11. Bd2 Ng4 12. Nxe6 fxe6 13. Bxc4 Nxf2+
14. Ke2 Nxh1 15. Bxe6+ Kb7 16. Ba5 Re8 17. Bd5+ Kb8 18. a3 Be7 19. Rxh1 Bd8 20.
Bd2 Bc7 21. b4 cxb4 22. axb4 Be5 23. Be3 Re7 24. Rb1 Rc8 25. Nd4 Bxd4 26. Bxd4
Nc7 27. Bc6 Ne8 28. b5 Nf6 29. Kd3 Nd7 30. Ke3 Ne5 31. Bd5 Nc4+ 32. Kd3 Ne5+
33. Ke3 Nc4+ 34. Kf4 Rf8+ 35. Kg4 Ne5+ 36. Kg3 Rc8 37. b6 a6 38. b7 Rd8 39. Bb6
Rde8 40. Bc5 Rd7 41. Rb6 Red8 42. Re6 Rxd5 43. exd5 Nd3 44. Rxa6 Rxd5 45. Be3
Rd7 46. Rb6 Rxb7 47. Rd6 Nb4 48. Bb6 Rf7 49. Bc5 Na2 50. Rb6+ Kc8 51. Bd4 Nc1
52. Rc6+ Rc7 53. Rxc7+ Kxc7 54. Bxg7 Kd6 55. Kf4 Ke6 56. Kg5 Kf7 57. Kh6 Kg8
58. g4 Nd3 59. Bd4 Nf4 60. h4 Ng6 61. h5 Nf8 62. Bc3 Ne6 63. Bb4 Nd8 64. Kg5
Kf7 65. Bd2 Ne6+ 66. Kh6 Kg8 67. Bc3 Nd8 68. Kg5 Kf7 69. Bb2 Ne6+ 70. Kh6 Kg8
71. g5 Nf8 72. Be5 Ne6 73. Bd6 Nd4 74. g6 1/2-1/2

[Event "Olimpiada de Khanty-Mansiysk 2010"]
[Site "Khanty-Mansiysk RUS"]
[Date "2010.09.27"]
[Round "6"]
[White "Perera, W C C."]
[Black "Haddouche, Mohamed"]
[Result "1-0"]
[WhiteElo "2016"]
[BlackElo "2425"]
[PlyCount "92"]
[EventDate "2010.09.21"]
[EventType "team"]
[EventRounds "11"]
[EventCountry "RUS"]
[Source "lmi"]
[SourceDate "2010.09.21"]
[WhiteTeam "Sri Lanka"]
[BlackTeam "Argelia"]
[WhiteTeamCountry "SRI"]
[BlackTeamCountry "ALG"]

1. e4 e5 2. Nf3 d6 3. d4 exd4 4. Nxd4 Nf6 5. Nc3 Be7 6. Be2 O-O 7. O-O Re8 8.
f4 Bf8 9. Bf3 Nbd7 10. Re1 a5 11. Be3 a4 12. a3 Nb6 13. Bf2 Nfd7 14. Nf5 g6 15.
Bh4 f6 16. Ne3 Nc5 17. Ned5 Nbd7 18. Nxf6+ Nxf6 19. e5 dxe5 20. Qxd8 Rxd8 21.
fxe5 Rd2 22. exf6 Be6 23. Re2 Rxe2 24. Nxe2 Ra6 25. Nf4 Rb6 26. Nxe6 Nxe6 27.
Rd1 Bc5+ 28. Kf1 Bd6 29. Bd5 Kf7 30. Bf2 c5 31. Re1 Bf8 32. Bg3 Kxf6 33. Be5+
Kf5 34. Bc3 Nd4 35. h3 h5 36. Re4 Kg5 37. g4 hxg4 38. hxg4 Kh4 39. Be1+ Kg5 40.
Bd2+ Kf6 41. Re8 Kg7 42. g5 Bd6 43. Ba5 Ra6 44. Bd8 Bf4 45. Rg8+ Kh7 46. Bf6
Bxg5 1-0

[Event "Olimpiada de Khanty-Mansiysk 2010"]
[Site "Khanty-Mansiysk RUS"]
[Date "2010.09.27"]
[Round "6"]
[White "Goutali, Tarek"]
[Black "Weerawardane, R."]
[Result "1-0"]
[WhiteElo "2261"]
[BlackElo "2165"]
[PlyCount "48"]
[EventDate "2010.09.21"]
[EventType "team"]
[EventRounds "11"]
[EventCountry "RUS"]
[Source "lmi"]
[SourceDate "2010.09.21"]
[WhiteTeam "Argelia"]
[BlackTeam "Sri Lanka"]
[WhiteTeamCountry "ALG"]
[BlackTeamCountry "SRI"]

1. e4 c5 2. Nf3 e6 3. d3 Nc6 4. g3 d5 5. Qe2 Nf6 6. Bg2 Be7 7. O-O O-O 8. e5
Nd7 9. c4 dxc4 10. dxc4 Qc7 11. Re1 b6 12. Nc3 a6 13. Bf4 Bb7 14. Rad1 Rad8 15.
h4 Ba8 16. h5 Rfe8 17. h6 g6 18. Nd5 Qb8 19. Nxe7+ Nxe7 20. Bg5 Qc7 21. g4 Nc6
22. Bxd8 Rxd8 23. Qe3 Bb7 24. Qg5 Kf8 1-0

[Event "Olimpiada de Khanty-Mansiysk 2010"]
[Site "Khanty-Mansiysk RUS"]
[Date "2010.09.27"]
[Round "6"]
[White "Anuruddha, G C."]
[Black "Oussedik, Mahfoud"]
[Result "1-0"]
[WhiteElo "2144"]
[BlackElo "2222"]
[PlyCount "83"]
[EventDate "2010.09.21"]
[EventType "team"]
[EventRounds "11"]
[EventCountry "RUS"]
[Source "lmi"]
[SourceDate "2010.09.21"]
[WhiteTeam "Sri Lanka"]
[BlackTeam "Argelia"]
[WhiteTeamCountry "SRI"]
[BlackTeamCountry "ALG"]

1. Nf3 c5 2. g3 g6 3. Bg2 Bg7 4. O-O Nc6 5. c4 e5 6. Nc3 Nge7 7. d3 O-O 8. Rb1
d6 9. a3 f5 10. Bd2 Rb8 11. b4 h6 12. Ne1 f4 13. Nc2 Be6 14. Ne4 b6 15. b5 Nd4
16. Nxd4 exd4 17. Bxf4 Rxf4 18. gxf4 d5 19. cxd5 Nxd5 20. Qd2 Qh4 21. e3 dxe3
22. fxe3 Nxe3 23. Rf3 Ng4 24. Rh3 Bd4+ 25. Kh1 Qe7 26. Rg3 Bf5 27. Rf1 Re8 28.
Qe2 h5 29. h3 Kg7 30. hxg4 hxg4 31. Re3 Qh4+ 32. Kg1 g3 33. Rff3 Qh2+ 34. Kf1
Bh3 35. Rxg3 Rxe4 36. dxe4 Qh1+ 37. Kf2 Bxg2 38. Rxg2 Qh4+ 39. Kf1 Qxf4+ 40.
Rf3 Qh6 41. Rfg3 Qc1+ 42. Qe1 1-0

[Event "Olimpiada de Khanty-Mansiysk 2010"]
[Site "Khanty-Mansiysk RUS"]
[Date "2010.09.27"]
[Round "6"]
[White "Gueroui, Nasreddine"]
[Black "Peiris, T S S."]
[Result "0-1"]
[WhiteElo "2106"]
[BlackElo "2002"]
[PlyCount "80"]
[EventDate "2010.09.21"]
[EventType "team"]
[EventRounds "11"]
[EventCountry "RUS"]
[Source "lmi"]
[SourceDate "2010.09.21"]
[WhiteTeam "Argelia"]
[BlackTeam "Sri Lanka"]
[WhiteTeamCountry "ALG"]
[BlackTeamCountry "SRI"]

1. e4 c6 2. d4 d5 3. exd5 cxd5 4. c4 Nf6 5. Nc3 Nc6 6. Nf3 g6 7. cxd5 Nxd5 8.
Qb3 e6 9. Bc4 Nb6 10. Bb5 Bg7 11. Be3 O-O 12. Rd1 Nd5 13. Nxd5 exd5 14. O-O Qd6
15. a3 Bg4 16. Be2 Na5 17. Qb5 b6 18. b4 Bd7 19. Qa6 Bc8 20. Qd3 Bf5 21. Qb5 a6
22. Qa4 Nc4 23. Qb3 b5 24. Bc1 Rac8 25. h3 Rc6 26. Rfe1 Rfc8 27. Bg5 Be4 28.
Bh4 Nb6 29. Rd2 Rc3 30. Qb2 Na4 31. Qa1 Bxf3 32. Bxf3 Qf4 33. Rde2 Qxh4 34.
Bxd5 Qxd4 35. Qa2 R3c7 36. Re8+ Rxe8 37. Rxe8+ Bf8 38. Bf3 Rc1+ 39. Kh2 Qf4+
40. g3 Qxf3 0-1

[Event "Olimpiada de Khanty-Mansiysk 2010"]
[Site "Khanty-Mansiysk RUS"]
[Date "2010.09.27"]
[Round "6"]
[White "Solomon, Kenny"]
[Black "Joseph, Marcus"]
[Result "1-0"]
[WhiteElo "2394"]
[BlackElo "2146"]
[PlyCount "59"]
[EventDate "2010.09.21"]
[EventType "team"]
[EventRounds "11"]
[EventCountry "RUS"]
[Source "lmi"]
[SourceDate "2010.09.21"]
[WhiteTeam "Sudáfrica"]
[BlackTeam "Trinidad y Tobago"]
[WhiteTeamCountry "RSA"]
[BlackTeamCountry "TRI"]

1. d4 Nf6 2. c4 e6 3. Nf3 b6 4. g3 Ba6 5. Qc2 Bb7 6. Bg2 c5 7. d5 exd5 8. cxd5
Nxd5 9. O-O Be7 10. Rd1 Nc6 11. Qa4 Nf6 12. Nh4 O-O 13. Nf5 Re8 14. Nc3 a6 15.
Bg5 b5 16. Qh4 b4 17. Nxe7+ Nxe7 18. Bxb7 Ng6 19. Bxf6 gxf6 20. Qg4 bxc3 21.
Bxa8 cxb2 22. Rab1 Qxa8 23. Rxb2 d5 24. Qf3 Rd8 25. Qxf6 d4 26. Rdb1 c4 27. Rb7
Nh8 28. h4 d3 29. exd3 cxd3 30. Qxd8+ 1-0

[Event "Olimpiada de Khanty-Mansiysk 2010"]
[Site "Khanty-Mansiysk RUS"]
[Date "2010.09.27"]
[Round "6"]
[White "Cabralis, Keron"]
[Black "Kobese, Watu"]
[Result "0-1"]
[WhiteElo "2169"]
[BlackElo "2370"]
[PlyCount "88"]
[EventDate "2010.09.21"]
[EventType "team"]
[EventRounds "11"]
[EventCountry "RUS"]
[Source "lmi"]
[SourceDate "2010.09.21"]
[WhiteTeam "Trinidad y Tobago"]
[BlackTeam "Sudáfrica"]
[WhiteTeamCountry "TRI"]
[BlackTeamCountry "RSA"]

1. e4 e5 2. Nf3 Nc6 3. Bc4 Nf6 4. d3 Be7 5. O-O O-O 6. Re1 d6 7. c3 Na5 8. Nbd2
Nxc4 9. Nxc4 c6 10. d4 exd4 11. Nxd4 d5 12. exd5 Nxd5 13. Ne3 Nxe3 14. Bxe3 c5
15. Ne2 Bg4 16. Qb3 Qc8 17. c4 Qc6 18. f3 Bf5 19. Nf4 Rfd8 20. Nd5 Bf8 21. Rad1
Rd7 22. Qc3 f6 23. Bf4 Rad8 24. Rd2 Be6 25. Nc7 Bf7 26. Rxd7 Rxd7 27. Nb5 a6
28. Na3 b5 29. Qc1 Rd3 30. b3 Qd7 31. cxb5 axb5 32. Nc2 Qf5 33. Bd2 Qd5 34. Bf4
c4 35. bxc4 Qxc4 36. Re4 Qd5 37. Ne3 Qxa2 38. h4 Bg6 39. Qc6 Bxe4 40. fxe4 Qa7
41. Kf2 Qd7 42. Qb6 Rc3 43. Qb8 b4 44. Nd5 Rc8 0-1